Η σημασία του δάσους : ιδία εν Ελλάδι
Saved in:
| Main Author: | |
|---|---|
| Other Authors: | |
| Format: | Book |
| Language: | Greek |
| Published: |
Εν Αθήναις :
Εκ του Εθνικού Τυπογραφείου,
1914.
|
| Subjects: | |
| Online Access: | http://hdl.handle.net/11610/16498 |
| Tags: |
Add Tag
No Tags, Be the first to tag this record!
|
MARC
| LEADER | 00000cam a2200000 i 4500 | ||
|---|---|---|---|
| 001 | 1/35901 | ||
| 008 | 130830s1914####gr | ||| |||| ||gre|| | ||
| 035 | |l 10115540 | ||
| 040 | |a GR-MyUA |b gre |e AACR2 | ||
| 041 | 1 | |a gre | |
| 082 | 0 | |a 634.9 |2 (22) | |
| 100 | 1 | |a Stengel, Adolf. | |
| 245 | 1 | 2 | |a Η σημασία του δάσους : |b ιδία εν Ελλάδι / |c Δρος Αδόλφου Στέγγελ ; κατά μετάφρασιν Ηρακλέους Α. Διαμαντοπούλου. |
| 260 | |a Εν Αθήναις : |b Εκ του Εθνικού Τυπογραφείου, |c 1914. | ||
| 300 | |a 36 σ. ; |c 23 εκ. | ||
| 500 | |a Στο πάνω μέρος της σ.τ.: Δασική αυστριακή αποστολή | ||
| 500 | |a Υπάρχει ψηφιακό αντίγραφο. | ||
| 650 | 0 | 0 | |a Forests and forestry |z Greece. |
| 700 | 1 | |a Διαμαντόπουλος, Ηρακλής Α. |e trl | |
| 852 | |a INST |b SAMOS |c PORFYRIADA |e 20130830 |h 634.9 STE |p 005300040486 |q 005300040486 |t NOLOAN |y 23 | ||
| 856 | |u http://hdl.handle.net/11610/16498 | ||
| 901 | |a BIBL3-2013-2 | ||
| 909 | |a Σ |b 178695 | ||
| 970 | |a ΚΟΣΙΕΡΗΣ |b ΧΡΗΣΤΟΣ |z 2013/08/30 | ||